00382 a2200121 450000100060000004000220000624000350002824500330006365000370009694200070013395201030014099900170024350919 cAnchieta - Pituba10aFestival de redação 2008l10aFestival de redação 2008 4aLínguas espanhola e portuguesa cMX 00104070a91.1b91.1d2023-11-21l0o460 C695 FESp291/PITr2023-11-21 18:19:17w2023-11-21yMX c50919d50919